[Event "Politiken Cup 24th"]
[Site "Copenhagen"]
[Date "2002.07.26"]
[Round "11"]
[White "Nielsen, Marie Frank"]
[Black "Rusanov, Alexander"]
[Result "1-0"]
[WhiteElo "1544"]
[BlackElo "1429"]
[PlyCount "55"]
[EventDate "2002.07.15"]
[EventType "swiss"]
[EventRounds "11"]
[EventCountry "DEN"]
[SourceTitle "CBM 089 Extra"]
[Source "ChessBase"]
[SourceDate "2002.09.10"]
[SourceVersion "2"]
[SourceVersionDate "2002.09.10"]
[SourceQuality "1"]

1. e4 c5 2. Bc4 e6 3. Nc3 Be7 4. d3 Nc6 5. Nge2 Nf6 6. a3 d5 7. exd5 exd5 8. Ba2 0-0 9. 0-0 d4 10. Ne4 Bf5 11. N4g3 Bg6 12. Nf4 Ne5 13. Re1 Bd6 14. Nxg6 Nxg6 15. Bg5 Bxg3 16. fxg3 h6 17. Bxf6 Qxf6 18. Rf1 Qc6 19. Qh5 Rae8 20. Rf5 b6 21. Raf1 Re7 22. Rf6 gxf6 23. Qxg6+ Kh8 24. Qxh6+ Kg8 25. Qg6+ Kh8 26. Qh6+ Kg8 27. h3 Re2 28. Qg6+ 1-0

[Event "Politiken Cup 24th"]
[Site "Copenhagen"]
[Date "2002.07.24"]
[Round "9"]
[White "Nielsen, Marie Frank"]
[Black "Trarup, Jorgen"]
[Result "1-0"]
[WhiteElo "1544"]
[BlackElo "1270"]
[PlyCount "71"]
[EventDate "2002.07.15"]
[EventType "swiss"]
[EventRounds "11"]
[EventCountry "DEN"]
[SourceTitle "CBM 089 Extra"]
[Source "ChessBase"]
[SourceDate "2002.09.10"]
[SourceVersion "2"]
[SourceVersionDate "2002.09.10"]
[SourceQuality "1"]

1. e4 c5 2. Bc4 e6 3. Nc3 a6 4. a4 Nc6 5. d3 Be7 6. Nge2 Ne5 7. Bb3 Ng6 8. 0-0 Bf6 9. f4 Bxc3 10. Nxc3 d6 11. Qe2 N6e7 12. Be3 Nc6 13. Qf2 Nf6 14. h3 0-0 15. Ne2 Bd7 16. e5 dxe5 17. fxe5 Nxe5 18. Bxc5 Re8 19. Bd4 Ng6 20. Bxf6 gxf6 21. Qxf6 Qb6+ 22. Qf2 Qxf2+ 23. Rxf2 b5 24. axb5 axb5 25. Rff1 Red8 26. Rxa8 Rxa8 27. Nf4 Kf8 28. Nxe6+ Ke7 29. Nc5 Be8 30. Re1+ Kd6 31. Ne4+ Ke7 32. Ng5+ Kf6 33. Nxh7+ Kg7 34. Ng5 f6 35. Ne6+ Kh6 36. Nc7 1-0

[Event "Politiken Cup 24th"]
[Site "Copenhagen"]
[Date "2002.07.18"]
[Round "4"]
[White "Auchenberg, Per"]
[Black "Nielsen, Marie Frank"]
[Result "1-0"]
[WhiteElo "2006"]
[BlackElo "1544"]
[PlyCount "83"]
[EventDate "2002.07.15"]
[EventType "swiss"]
[EventRounds "11"]
[EventCountry "DEN"]
[SourceTitle "CBM 089 Extra"]
[Source "ChessBase"]
[SourceDate "2002.09.10"]
[SourceVersion "2"]
[SourceVersionDate "2002.09.10"]
[SourceQuality "1"]

1. f4 d5 2. b3 Nf6 3. Bb2 Nbd7 4. Nf3 b6 5. g3 Bb7 6. Bg2 c5 7. 0-0 e6 8. e3 Bd6 9. Qe2 Qc7 10. d3 0-0 11. Nbd2 Rac8 12. c4 Rfe8 13. e4 Ng4 14. e5 Be7 15. h3 Nh6 16. g4 d4 17. Ne4 Nf8 18. Bc1 Bxe4 19. Qxe4 Qd7 20. Bd2 a5 21. Rab1 Ra8 22. a4 Rac8 23. Rb2 Kh8 24. Bc1 Kg8 25. Qe1 Ng6 26. Qg3 Qd8 27. Bh1 Bh4 28. Qh2 Be7 29. Re2 Rf8 30. Nd2 Qd7 31. Ne4 Kh8 32. Bd2 Nh4 33. Ref2 Qd8 34. f5 exf5 35. gxf5 Rc6 36. f6 gxf6 37. Nxf6 Ng8 38. Bxc6 Nxf6 39. exf6 Rg8+ 40. Kh1 Bd6 41. Bf4 Qc7 42. Be4 1-0

[Event "Politiken Cup 24th"]
[Site "Copenhagen"]
[Date "2002.07.17"]
[Round "3"]
[White "Nielsen, Marie Frank"]
[Black "Nielsen, Michael Backmann"]
[Result "0-1"]
[WhiteElo "1544"]
[BlackElo "2086"]
[PlyCount "54"]
[EventDate "2002.07.15"]
[EventType "swiss"]
[EventRounds "11"]
[EventCountry "DEN"]
[SourceTitle "CBM 089 Extra"]
[Source "ChessBase"]
[SourceDate "2002.09.10"]
[SourceVersion "2"]
[SourceVersionDate "2002.09.10"]
[SourceQuality "1"]

1. e4 c5 2. Bc4 e6 3. Nc3 Nc6 4. a4 Nge7 5. Nge2 g6 6. 0-0 Bg7 7. Ng3 0-0 8. d3 d5 9. Ba2 a6 10. f4 dxe4 11. Ngxe4 Nf5 12. Kh1 Qe7 13. Ne2 b5 14. N2g3 Bb7 15. axb5 axb5 16. Nxf5 exf5 17. Nc3 Nb4 18. Re1 Qd7 19. Re5 Bxe5 20. fxe5 Nxa2 21. Rxa2 Rxa2 22. Nxa2 Qd5 23. Qf3 Qxa2 24. Qxb7 Qb1 25. h3 Qxc1+ 26. Kh2 Qf4+ 27. Kg1 Qxe5 0-1